000 00785nam a2200253 4500
001 174614
003 ES-MaACL
005 20230906215607.0
008 100511s1981 it fo |||| | ita d
020 _a88-05-04942-5
080 _a913(540)
080 _a930.85(540)
100 1 _aQuilici, Folco.
_994629
245 1 0 _aIndia, un pianeta /
_cFalco Quilici ; fotografie dell'autore.
250 _a4ª ed.
260 _aTorino :
_bSocietà Editrice Internazionale,
_c1981.
300 _a413 p. :
_bil., mapas, fot. col. ;
_c23 cm.
500 _aÍndice de mapas: p. 10.
504 _aBibliografía: p. 411.
651 4 _aIndia-
_xDescripción.
_98839
651 4 _aIndia-
_xCivilización.
_98837
651 4 _aIndia-
_vObras ilustradas.
_9173425
852 4 _aES-MaACL
_jC-57212
999 _c174614
_d174614